[Event "NCL978b Bristol2-Nidum Kts"]
[Site "Rd7"]
[Date "1998.03.21"]
[Round "7.2"]
[White "Morris, Gareth"]
[Black "Easton, Alex"]
[Result "1/2-1/2"]
[WhiteElo "2150"]
[BlackElo "2096"]
[PlyCount "126"]
[EventDate "1998.03.21"]

1. d4 Nf6 2. c4 g6 3. Nc3 d5 4. cxd5 Nxd5 5. e4 Nxc3 6. bxc3 Bg7 7. Bc4 c5 8.
Ne2 Nc6 9. Be3 O-O 10. O-O Qc7 11. Bb3 Rd8 12. Rc1 Na5 13. Bf4 Qb6 14. dxc5
Rxd1 15. Rfxd1 Qxc5 16. Rd8+ Bf8 17. Bh6 e6 18. Rcd1 Nxb3 19. axb3 b6 20. e5
Bb7 21. Rxa8 Bxa8 22. Rd8 Bd5 23. Nd4 a6 24. c4 Be4 25. f3 Bb7 26. Kf1 b5 27.
Rxf8+ Qxf8 28. Bxf8 Kxf8 29. cxb5 axb5 30. b4 Bd5 31. Kf2 Bc4 32. f4 Ke7 33.
Ke3 Kd7 34. g3 Kc7 35. Nf3 h6 36. Nd2 Bd5 37. Kd4 Kc6 38. Nf1 h5 39. Ne3 Bf3
40. h3 Kb6 41. g4 hxg4 42. hxg4 Kc6 43. Kc3 Be4 44. Kd2 Kd7 45. Ke1 Ke7 46. Kf2
f6 47. exf6+ Kxf6 48. g5+ Ke7 49. Nd1 Kd6 50. Ke3 Bc6 51. Kd4 Be8 52. Nf2 Bc6
53. Nd3 Bd7 54. Ne5 Be8 55. Ng4 (55. Ke3 $1 $18) 55... Bd7 56. Nh6 Be8 57. Ng8
Bd7 58. Nf6 Bc6 59. Ne4+ Bxe4 60. Kxe4 Kd7 61. Kd3 Kc6 62. Ke4 Kd7 63. Kd4 Kd6
1/2-1/2

[Event "NCL978b Bristol2-Nidum Kts"]
[Site "Rd7"]
[Date "1998.03.21"]
[Round "7.3"]
[White "Buckley, Simon"]
[Black "Johnston, Dafydd"]
[Result "1/2-1/2"]
[WhiteElo "2105"]
[BlackElo "2099"]
[PlyCount "65"]
[EventDate "1998.03.21"]

1. e4 c5 2. Nc3 Nc6 3. Nge2 g6 4. g3 Bg7 5. Bg2 Rb8 6. d3 b5 7. Nd5 e6 8. Ne3
Nge7 9. Nf4 d6 10. h4 h6 11. O-O O-O 12. c3 b4 13. Bd2 a5 14. Nh3 Ba6 15. Ng4
Kh7 16. h5 bxc3 17. bxc3 gxh5 18. Nxh6 Bxh6 19. Qxh5 Ng8 20. g4 Qf6 21. g5 Qg6
22. Qxg6+ fxg6 23. gxh6 Bxd3 24. Rfd1 Rbe8 25. Bf4 e5 26. Ng5+ Kh8 27. Rxd3
exf4 28. Rxd6 Ne5 29. h7 Nf6 30. Ne6 Rf7 {(Draw offer)} 31. Nxf4 Nxe4 32. Nxg6+
Nxg6 33. Rxg6 1/2-1/2

[Event "NCL978b Bristol2-Nidum Kts"]
[Site "Rd7"]
[Date "1998.03.21"]
[Round "7.4"]
[White "Musson, Adam"]
[Black "Dilleigh, Steven"]
[Result "1-0"]
[WhiteElo "2109"]
[BlackElo "2000"]
[PlyCount "97"]
[EventDate "1998.03.21"]

1. d4 Nf6 2. c4 g6 3. Nc3 Bg7 4. e4 d6 5. Nge2 O-O 6. Ng3 e5 7. d5 a5 8. Be2
Na6 9. h4 c6 10. h5 cxd5 11. cxd5 Nc5 12. Be3 Bd7 13. Qd2 Qb6 14. Bg5 Rfc8 15.
hxg6 hxg6 16. Rb1 Na4 17. O-O Nc5 18. Bh6 Bxh6 19. Qxh6 Nh7 20. Nd1 Qd8 21. Ne3
Qg5 22. Qxg5 Nxg5 23. f3 b5 24. Rfc1 Na4 25. Nd1 b4 26. b3 Nb6 27. Ne3 Kf8 28.
Bd3 Ke7 29. Ngf1 f6 30. Nd2 Nf7 31. Kf2 Nd8 32. Ndc4 Nxc4 33. Nxc4 Rcb8 34. Rh1
Be8 35. Rbc1 Nb7 36. Nb6 Nc5 37. Rxc5 dxc5 38. Nxa8 Rxa8 39. Rh7+ Kd6 40. Rb7
Bd7 41. Rb6+ Ke7 42. d6+ Ke8 43. Bc4 g5 44. Bd5 Rc8 45. Rb7 Kd8 46. Ke3 Bc6 47.
Rg7 Bxd5 48. exd5 c4 49. Ke4 1-0

[Event "NCL978b Bristol2-Nidum Kts"]
[Site "Rd7"]
[Date "1998.03.21"]
[Round "7.5"]
[White "Buckley, David"]
[Black "Fish, Andrew"]
[Result "1/2-1/2"]
[WhiteElo "2115"]
[BlackElo "2115"]
[PlyCount "58"]
[EventDate "1998.03.21"]

1. e4 e6 2. d4 d5 3. Nc3 Bb4 4. e5 c5 5. dxc5 Nc6 6. Nf3 Nge7 7. Bd3 Ng6 8. Qe2
a6 9. O-O Qc7 10. Re1 Bxc5 11. Kh1 Bd7 12. Bd2 O-O 13. Nd1 Rac8 14. Bxg6 fxg6
15. Bg5 Na5 16. Nd2 Nc6 17. Nb3 Ba7 18. Bh4 Rf4 19. Bg3 Re4 20. Qd2 Rxe1+ 21.
Qxe1 Ne7 22. c3 Nf5 23. Bf4 Qc4 24. g3 d4 25. f3 Bc6 26. Kg2 Qd3 27. Nd2 dxc3
28. bxc3 Bd5 29. g4 Ne7 1/2-1/2

[Event "NCL978b Bristol2-Nidum Kts"]
[Site "Rd7"]
[Date "1998.03.21"]
[Round "7.6"]
[White "Jones, Richard S"]
[Black "Humphreys, Jerry"]
[Result "1-0"]
[WhiteElo "2045"]
[BlackElo "2065"]
[PlyCount "65"]
[EventDate "1998.03.21"]

1. e4 c5 2. Nc3 e6 3. g3 d5 4. d3 d4 5. Nce2 Nc6 6. Bg2 Nf6 7. h3 Be7 8. f4 Qc7
9. Nf3 Bd7 10. O-O O-O 11. g4 Rad8 12. f5 exf5 13. gxf5 Rfe8 14. Bf4 Qb6 15.
Nd2 Na5 16. e5 Nh5 17. Bh2 c4 18. Ne4 cxd3 19. cxd3 Qh6 20. Kh1 Bc6 21. Ng1
Bxe4 22. Bxe4 Bg5 23. Qg4 Nc6 24. Bf3 g6 25. Bxc6 bxc6 26. fxg6 hxg6 27. Qf3
Re7 28. Rae1 c5 29. e6 f6 30. Qc6 Ng7 31. Qxc5 Rxe6 32. Rxe6 Nxe6 33. Qe7 1-0

[Event "NCL978b Bristol2-Nidum Kts"]
[Site "Rd7"]
[Date "1998.03.21"]
[Round "7.7"]
[White "Richards, John"]
[Black "Sinnett, Glyn"]
[Result "1/2-1/2"]
[WhiteElo "2045"]
[BlackElo "1965"]
[PlyCount "80"]
[EventDate "1998.03.21"]

1. e4 e6 2. d4 d5 3. e5 c5 4. c3 Nc6 5. Nf3 Qb6 6. a3 c4 7. Nbd2 Bd7 8. g3 f6
9. Bg2 fxe5 10. Nxe5 Nxe5 11. dxe5 Nh6 12. O-O Nf7 13. Qe2 Be7 14. Nf3 O-O-O
15. Be3 Bc5 16. Bxc5 Qxc5 17. Nd4 Nh6 {(Draw offer)} 18. Bh3 Rde8 19. a4 a6 20.
b4 cxb3 21. Nxb3 Qc7 22. c4 Kb8 23. Rfc1 Nf7 24. f4 Qb6+ 25. c5 Qxb3 26. a5 Qb5
27. Qe3 Rc8 28. Bf1 Qc6 29. Rab1 Ka8 30. Rb6 Qa4 31. Rcb1 d4 {(Draw offer)} 32.
Qd2 Rxc5 33. Bxa6 Bc6 34. Bxb7+ Bxb7 35. Rxb7 Qc6 36. R7b6 Qc8 37. Qg2+ Rd5 38.
Qd2 Rhd8 39. Qd3 Rxa5 40. Qe4+ Rdd5 1/2-1/2

[Event "NCL978b Bristol2-Nidum Kts"]
[Site "Rd7"]
[Date "1998.03.21"]
[Round "7.8"]
[White "Wilson, Julie"]
[Black "Tidman, Sophie"]
[Result "1-0"]
[WhiteElo "1728"]
[BlackElo "1576"]
[PlyCount "67"]
[EventDate "1998.03.21"]

1. d4 f5 2. c4 Nf6 3. Nc3 g6 4. g3 Bg7 5. Bg2 e6 6. e4 d6 7. Bg5 O-O 8. Qb3 Nc6
9. Nge2 h6 10. Bxf6 Qxf6 11. O-O-O a6 12. exf5 gxf5 13. f4 Bd7 14. d5 Ne7 15.
dxe6 Bxe6 16. Nd4 Bc8 17. Rhe1 c5 18. Nd5 Nxd5 19. Bxd5+ Kh8 20. Ne6 Re8 21.
Nc7 Rxe1 22. Rxe1 Rb8 23. Re8+ Bf8 24. Ne6 Bxe6 25. Rxb8 Bxd5 26. cxd5 Kh7 27.
Qxb7+ Bg7 28. Qc8 Qf7 29. Qe6 Qf6 30. Qxf6 Bxf6 31. Rb7+ Kg8 32. Rd7 a5 33.
Rxd6 Kf7 34. Rc6 1-0

[Event "NCL978b Coulsdon-Witney"]
[Site "Rd7"]
[Date "1998.03.21"]
[Round "7.2"]
[White "Haydon, Richard"]
[Black "Swanson, Stephen"]
[Result "0-1"]
[WhiteElo "2180"]
[BlackElo "2235"]
[PlyCount "128"]
[EventDate "1998.03.21"]

1. Nf3 Nf6 2. g3 d5 3. Bg2 Bf5 4. O-O e6 5. d3 h6 6. Nbd2 Be7 7. Qe1 O-O 8. e4
Bh7 9. Qe2 c5 10. Ne5 Nbd7 11. Nxd7 Qxd7 12. e5 Ne8 13. f4 Nc7 14. Nf3 b5 15.
Be3 b4 16. d4 Qb5 17. Qf2 Na6 18. g4 Be4 19. dxc5 Bxf3 20. Bxf3 Bxc5 21. Bxc5
Nxc5 22. Qd4 Rac8 23. b3 Nd7 24. Rf2 Qb6 25. Qxb6 {(Draw offer)} axb6 26. a4
Rc5 27. Rd1 Rfc8 28. Rd4 Rxc2 29. Rxb4 g5 30. f5 Rxf2 31. Kxf2 Rc2+ 32. Be2
Nxe5 33. Ke3 exf5 34. gxf5 f6 35. Bd1 Rc3+ 36. Kd2 Rc6 37. Rb5 d4 38. Rd5 d3
39. b4 Kf8 40. h3 Ke7 41. Ke3 Rc1 42. Kd2 Rc6 43. Ke3 Rc4 44. Rd4 Rxd4 45. Kxd4
Kd6 46. Bh5 d2 47. Bd1 Nc6+ 48. Kc4 h5 49. Kc3 h4 50. b5 Ne7 51. Kxd2 Nxf5 52.
Ke2 Nd4+ 53. Kd3 Ke5 54. Kc4 f5 55. a5 bxa5 56. b6 Nc6 57. Kc5 Nd8 58. Kb5 Nb7
59. Kc6 Nd6 60. Kc7 g4 61. hxg4 fxg4 62. Bxg4 a4 63. Kd7 a3 64. Be6 h3 0-1

[Event "NCL978b Coulsdon-Witney"]
[Site "Rd7"]
[Date "1998.03.21"]
[Round "7.4"]
[White "Devereaux, Maxim"]
[Black "Moore, Gerald"]
[Result "1-0"]
[WhiteElo "2264"]
[BlackElo "2215"]
[PlyCount "81"]
[EventDate "1998.03.21"]

1. e4 g6 2. d4 Bg7 3. Nc3 d6 4. Be3 a6 5. Qd2 b5 6. a4 b4 7. Nd1 a5 8. f3 Nd7
9. Bb5 Bb7 10. c3 c6 11. Bd3 Qb6 12. Ne2 Ba6 13. Nf2 Ngf6 14. O-O O-O 15. Rac1
Rfc8 16. Bxa6 Qxa6 17. Nd3 c5 18. cxb4 cxb4 19. b3 d5 20. e5 Ne8 21. f4 e6 22.
Nc5 Nxc5 23. dxc5 Bf8 24. Rc2 Rc7 25. Nc1 Rac8 26. Nd3 Ng7 27. g4 Rc6 28. Bd4
Qa7 29. Rfc1 Be7 30. Kg2 Qd7 31. Nxb4 axb4 32. Qxb4 Qd8 33. Qa3 Qf8 34. b4 f6
35. Qe3 fxe5 36. fxe5 Qd8 37. Rf1 R6c7 38. b5 Bg5 39. Qf3 Qe8 40. c6 Be7 41. a5
1-0

[Event "NCL978b Coulsdon-Witney"]
[Site "Rd7"]
[Date "1998.03.21"]
[Round "7.5"]
[White "Gunter, David"]
[Black "Rose, Matthew"]
[Result "1-0"]
[WhiteElo "2185"]
[BlackElo "2176"]
[PlyCount "107"]
[EventDate "1998.03.21"]

1. c4 Nf6 2. Nc3 g6 3. g3 Bg7 4. Bg2 d6 5. e4 O-O 6. Nge2 c5 7. d3 Nc6 8. O-O
Ne8 9. Be3 Rb8 10. Rb1 Nd4 11. a3 Nc7 12. b4 Nce6 13. b5 Nxe2+ 14. Nxe2 Nd4 15.
Nxd4 Bxd4 16. Bxd4 cxd4 17. Qd2 Qc7 18. h4 Qc5 19. a4 Bd7 20. Kh2 f5 21. f4
fxe4 {(Draw offer)} 22. Bxe4 e5 23. f5 gxf5 24. Qg5+ Kh8 25. Bxf5 Qc8 26. Be4
Qe8 27. Qh6 Qe7 28. Bxh7 Qg7 29. Qxg7+ Kxg7 30. Be4 b6 31. Kg2 Bg4 32. Ra1 Rbc8
33. Rxf8 Rxf8 34. a5 Be2 35. axb6 axb6 36. Ra7+ Rf7 37. Ra2 Bf1+ 38. Kh2 Rf8
39. g4 Rf4 40. Kg3 Rxe4 41. dxe4 Bxc4 42. Ra7+ Kf6 43. g5+ Ke6 44. Kf3 d5 45.
g6 dxe4+ 46. Kxe4 Bd5+ 47. Kd3 Kf6 48. g7 Bg8 49. Rb7 Bh7+ 50. Ke2 Bg8 51.
Rxb6+ Kxg7 52. Rb7+ Kf6 53. b6 Bc4+ 54. Ke1 1-0

[Event "NCL978b Coulsdon-Witney"]
[Site "Rd7"]
[Date "1998.03.21"]
[Round "7.6"]
[White "Dickinson, Tim"]
[Black "De Coverly, Roger"]
[Result "1/2-1/2"]
[WhiteElo "2180"]
[BlackElo "2090"]
[PlyCount "81"]
[EventDate "1998.03.21"]

1. e4 e5 2. Nf3 Nc6 3. Bb5 a6 4. Ba4 Nf6 5. O-O b5 6. Bb3 Bc5 7. a4 Rb8 8. axb5
axb5 9. Nc3 O-O 10. Nxe5 b4 11. Nxc6 dxc6 12. e5 Ng4 13. Ne4 Qh4 14. h3 Ne3 15.
fxe3 Qxe4 16. d4 Bb6 17. Qh5 Be6 18. Rf4 Qg6 19. Qxg6 hxg6 20. Bxe6 fxe6 21.
Rxf8+ Kxf8 22. c3 c5 23. Kf2 Ke8 24. Bd2 Kd7 25. Ke2 Rf8 26. dxc5 Bxc5 27. cxb4
Bb6 28. Rf1 Rxf1 29. Kxf1 Kc6 30. e4 Kb5 31. b3 Bd4 32. Ke2 Bxe5 33. Kd3 Bd6
34. Bc3 e5 35. g4 g5 {(Draw offer)} 36. Ke2 c6 37. Kd3 Bc7 38. Ke3 Bd6 39. Kd3
Bc7 40. Ke2 Bd6 41. Kd3 1/2-1/2

[Event "NCL978b Coulsdon-Witney"]
[Site "Rd7"]
[Date "1998.03.21"]
[Round "7.7"]
[White "Turvey, Syringa"]
[Black "Churm, Rohan"]
[Result "0-1"]
[WhiteElo "1552"]
[BlackElo "2115"]
[PlyCount "58"]
[EventDate "1998.03.21"]

1. e4 e6 2. d4 d5 3. Nc3 Bb4 4. e5 c5 5. a3 Ba5 6. b4 cxd4 7. Nb5 Bc7 8. f4 Ne7
9. Nxd4 Nbc6 10. Ngf3 Bd7 11. Bd3 a6 12. O-O Nxd4 13. Nxd4 Bb6 14. c3 Bxd4+ 15.
cxd4 Bb5 16. Bxb5+ axb5 17. Qd3 Qb6 18. Bb2 Kd7 19. Rac1 Rac8 20. Rc5 Rxc5 21.
dxc5 Qa6 22. g4 g6 23. f5 gxf5 24. gxf5 Rg8+ 25. Kh1 Nxf5 26. Rxf5 exf5 27.
Qxf5+ Qe6 28. Qxh7 Qg4 29. Qxf7+ Kc8 0-1

[Event "NCL978b Guildford2-Wessex"]
[Site "Rd7"]
[Date "1998.03.21"]
[Round "7.2"]
[White "Corkett, Anthony"]
[Black "Shepley, Julien"]
[Result "1-0"]
[WhiteElo "2295"]
[BlackElo "2180"]
[PlyCount "47"]
[EventDate "1998.03.21"]

1. Nc3 d5 2. e4 Nf6 3. e5 Ne4 4. Qf3 Nxc3 5. dxc3 e6 6. Bd3 Bd7 7. Qg3 c5 8.
Nf3 Bc6 9. O-O Qc7 10. Re1 Nd7 11. Ng5 g6 12. Qf4 O-O-O 13. Qxf7 c4 14. Nxe6
Qb6 15. Bf1 Bc5 16. Nxc5 Nxc5 17. Be3 Rd7 18. Qf6 Re8 19. b4 cxb3 20. axb3 Rde7
21. Bd4 Nd7 22. Qg5 Qc7 23. Rxa7 Nxe5 24. Ra8+ 1-0

[Event "NCL978b Guildford2-Wessex"]
[Site "Rd7"]
[Date "1998.03.21"]
[Round "7.3"]
[White "Punnett, Alan"]
[Black "Upton, Ian"]
[Result "1-0"]
[WhiteElo "2100"]
[BlackElo "2245"]
[PlyCount "93"]
[EventDate "1998.03.21"]

1. d4 f5 2. Bg5 g6 3. c4 Bg7 4. Nc3 Nf6 5. e3 d6 6. Bd3 e5 7. f3 O-O 8. Nge2
Qe8 9. dxe5 dxe5 10. e4 Na6 11. Nd5 c6 12. Nxf6+ Bxf6 13. Be3 Qe7 14. a3 Nc5
15. b4 Nxd3+ 16. Qxd3 Rd8 17. Qc2 Be6 18. O-O Qf7 19. Rac1 f4 20. Bf2 Rd7 21.
b5 Rc7 22. Qa4 Qe8 23. Qb4 a6 24. Bb6 Rcc8 25. a4 Kg7 26. bxa6 Rxa6 27. a5 Kh6
28. Qd6 Qe7 29. Rfd1 Re8 30. Rc2 Qg7 31. Nc1 Raa8 32. Nd3 Bg8 33. Nf2 Be6 34.
Rcd2 Qf7 35. Qc5 Kg7 36. Qb4 Rac8 37. Rc1 h5 38. Nd3 Rg8 39. Nc5 Ra8 40. Nxe6+
Qxe6 41. Bc5 Kh6 42. Qxb7 Rad8 43. Rxd8 Rxd8 44. a6 Bh4 45. a7 Qxc4 46. Bf8+
Kg5 47. Qe7# 1-0

[Event "NCL978b Guildford2-Wessex"]
[Site "Rd7"]
[Date "1998.03.21"]
[Round "7.4"]
[White "Yeo, Michael"]
[Black "Morgan, Michael"]
[Result "1-0"]
[WhiteElo "2210"]
[BlackElo "1960"]
[PlyCount "53"]
[EventDate "1998.03.21"]

1. e4 c5 2. Nf3 d6 3. d4 cxd4 4. Nxd4 Nf6 5. Nc3 g6 6. Be3 Bg7 7. f3 O-O 8. Qd2
Nc6 9. Bc4 Ne5 10. Bb3 Bd7 11. h4 h5 12. O-O-O Qa5 13. g4 Rfc8 14. gxh5 Nxh5
15. Bh6 Rxc3 16. bxc3 Rc8 17. Bxg7 Kxg7 18. Nf5+ Bxf5 19. exf5 Nxf3 20. Qd5
Qa3+ 21. Kb1 Ne5 22. fxg6 Nf6 23. Qxb7 Rxc3 24. gxf7 Nc4 25. f8=Q+ Kxf8 26.
Qc8+ Kg7 27. Rhg1+ 1-0

[Event "NCL978b Guildford2-Wessex"]
[Site "Rd7"]
[Date "1998.03.21"]
[Round "7.5"]
[White "Erichsen, D."]
[Black "Neil, David"]
[Result "1/2-1/2"]
[WhiteElo "1872"]
[BlackElo "2265"]
[PlyCount "75"]
[EventDate "1998.03.21"]

1. e4 e5 2. Nf3 Nc6 3. d4 exd4 4. Nxd4 Bc5 5. Be3 Qf6 6. c3 d6 7. Bc4 Ne5 8.
O-O Bd7 9. Nd2 Ne7 10. a4 a6 11. b4 Bb6 12. b5 a5 13. Ba2 O-O 14. Kh1 Ng4 15.
Nc4 Bc5 16. f4 Qh6 17. Bg1 Be6 18. f5 Bxc4 19. Bxc4 Ne3 20. Bxe3 Qxe3 21. f6
gxf6 22. Rf3 Qxe4 23. Bd3 Qe5 24. Rh3 Ng6 25. Nf5 Qxc3 26. Ne7+ Kg7 27. Bxg6
Qxh3 28. gxh3 fxg6 29. Nd5 Rf7 30. h4 Re8 31. h5 Re5 32. hxg6 hxg6 33. Ra2 c6
34. Nc3 Bb4 35. Rc2 Rfe7 36. Kg2 Rg5+ 37. Kh1 Rge5 38. Kg2 1/2-1/2

[Event "NCL978b Guildford2-Wessex"]
[Site "Rd7"]
[Date "1998.03.21"]
[Round "7.6"]
[White "Noyce, Robert"]
[Black "Bimbatti, Gian"]
[Result "1/2-1/2"]
[WhiteElo "2175"]
[BlackElo "1808"]
[PlyCount "95"]
[EventDate "1998.03.21"]

1. e4 c5 2. Nc3 Nc6 3. f4 d6 4. Bb5 Bd7 5. Nf3 g6 6. O-O Bg7 7. Bxc6 bxc6 8. d3
Nf6 9. e5 dxe5 10. fxe5 Ng4 11. Qe2 Be6 12. Bf4 Qb6 13. Rab1 O-O 14. Kh1 Nh6
15. b3 Nf5 16. Na4 Qb4 17. Ng5 Bd5 18. c3 Qa5 19. Ne4 f6 20. exf6 exf6 21.
Naxc5 Rae8 22. Nd7 Rxe4 23. dxe4 Re8 24. Rbe1 Rxe4 25. Qd2 h5 26. c4 Qxd2 27.
Bxd2 Rd4 28. Bc3 Bxg2+ 29. Kxg2 Rxd7 30. Re6 Rd3 31. Rc1 Bh6 32. Rc2 Ne3+ 33.
Rxe3 Bxe3 34. Bxf6 Rd2+ 35. Rxd2 Bxd2 36. Bd4 a6 37. Kf3 Kf7 38. Ke4 Ke6 39.
Bb6 Be1 40. Bc5 Bc3 41. b4 g5 42. a4 g4 43. b5 cxb5 44. cxb5 axb5 45. axb5 Be5
46. Bg1 h4 47. b6 h3 48. b7 1/2-1/2

[Event "NCL978b Guildford2-Wessex"]
[Site "Rd7"]
[Date "1998.03.21"]
[Round "7.7"]
[White "Jones, H Trevor"]
[Black "Brameld, Arthur"]
[Result "1/2-1/2"]
[WhiteElo "1816"]
[BlackElo "2072"]
[PlyCount "82"]
[EventDate "1998.03.21"]

1. c4 e5 2. Nc3 Nc6 3. g3 g6 4. Bg2 Bg7 5. e4 d6 6. Nge2 Nh6 7. d4 exd4 8. Nxd4
Nxd4 9. Bxh6 Bxh6 10. Qxd4 O-O 11. O-O Bg7 12. Qd2 Be6 13. b3 Qd7 14. Rad1 Bxc3
15. Qxc3 Bh3 16. Qd3 Bxg2 17. Kxg2 Qc6 18. Qd5 Rfe8 19. f3 Re5 20. Qxc6 bxc6
21. Rf2 a5 22. Re2 f5 23. Rde1 Rae8 24. Kf2 fxe4 25. Rxe4 Rxe4 26. Rxe4 Rxe4
27. fxe4 c5 28. Kf3 Kf7 29. Kf4 Kf6 30. Kf3 Ke5 31. Ke3 Ke6 32. Kf4 Kf6 33. Kf3
Kg5 34. h3 Kf6 35. Kf4 h6 36. Kf3 Ke5 37. Ke3 g5 38. Kd3 Ke6 39. Ke3 Ke5 40.
Kd3 h5 41. Ke3 Ke6 1/2-1/2

[Event "NCL978b Guildford2-Wessex"]
[Site "Rd7"]
[Date "1998.03.21"]
[Round "7.8"]
[White "Howard, Emily"]
[Black "Lusher, Claire"]
[Result "1/2-1/2"]
[WhiteElo "2045"]
[BlackElo "1784"]
[PlyCount "48"]
[EventDate "1998.03.21"]

1. e4 e5 2. Nf3 Nc6 3. Nc3 Nf6 4. d4 exd4 5. Nxd4 Bc5 6. Nxc6 dxc6 7. Qxd8+
Kxd8 8. Bg5 Re8 9. O-O-O+ Bd7 10. f3 Kc8 11. Bc4 Be6 12. Bxe6+ Rxe6 13. Rd3 b6
14. Rhd1 Bd6 15. b3 h6 16. Be3 Kb7 17. Ne2 c5 18. Bf4 Bxf4+ 19. Nxf4 Re5 20.
Nd5 Nxd5 21. Rxd5 Re7 22. Rd7 Rae8 23. R1d2 Kc8 24. Rxe7 Rxe7 1/2-1/2

[Event "NCL978b Gwent Dragons-Kings He"]
[Site "Rd7"]
[Date "1998.03.21"]
[Round "7.1"]
[White "Jones, Iolo"]
[Black "Berry, Steve"]
[Result "1-0"]
[WhiteElo "2245"]
[BlackElo "2290"]
[PlyCount "115"]
[EventDate "1998.03.21"]

1. d4 Nf6 2. Nf3 e6 3. Bg5 h6 4. Bxf6 Qxf6 5. e4 b6 6. c3 Bb7 7. Nbd2 Qe7 8.
Bd3 d6 9. O-O g6 10. Qa4+ Qd7 11. Qc2 Bg7 12. Ne1 c5 13. dxc5 bxc5 14. f4 Nc6
15. f5 O-O 16. Nef3 Qe7 17. Nc4 Ne5 18. Nfxe5 dxe5 19. fxg6 fxg6 20. Na5 Bc8
21. Bc4 Bd7 22. Qd2 Rxf1+ 23. Rxf1 Bf8 24. Rd1 Be8 25. Bb3 Kh7 26. Qd3 Rb8 27.
Qa6 Rb6 28. Qc8 Bg7 29. Nc4 Rc6 30. Qd8 Rc7 31. Qxe7 Rxe7 32. Rd6 h5 33. g3 g5
34. Nd2 Bf7 35. h3 g4 36. hxg4 hxg4 37. Bd1 Bh5 38. Nc4 Kg6 39. Kf2 Kf6 40. Rc6
Rd7 41. Ba4 Rd3 42. Rxc5 Bf8 43. Rc8 Bh6 44. Bc2 Rf3+ 45. Kg2 Bg6 46. Rg8 Bg7
47. Nd2 Re3 48. Kf2 Bh6 49. c4 Kf7 50. Rh8 Bf4 51. c5 Ke7 52. c6 Be8 53. c7 Bb5
54. Bd1 Rd3 55. gxf4 g3+ 56. Kg1 Bd7 57. Ba4 Rxd2 58. Rh7+ 1-0

[Event "NCL978b Gwent Dragons-Kings He"]
[Site "Rd7"]
[Date "1998.03.21"]
[Round "7.2"]
[White "Thomas, Richard"]
[Black "Varley, Peter"]
[Result "1/2-1/2"]
[WhiteElo "2310"]
[BlackElo "2210"]
[PlyCount "47"]
[EventDate "1998.03.21"]

1. d4 Nf6 2. c4 g6 3. Nc3 d5 4. Bf4 Bg7 5. e3 O-O 6. Nf3 c5 7. dxc5 Qa5 8. Rc1
dxc4 9. Bxc4 Na6 10. O-O Nxc5 11. h3 Be6 12. Qe2 Rac8 13. Bxe6 Nxe6 14. Bh2 a6
15. Rfd1 Rfd8 16. Rc2 Rxd1+ 17. Qxd1 Rd8 18. Rd2 Rxd2 {(Draw offer)} 19. Qxd2
Qf5 20. Bb8 Ne4 21. Nxe4 Qxe4 22. b3 Bf6 23. Ba7 Qc6 24. Nd4 1/2-1/2

[Event "NCL978b Gwent Dragons-Kings He"]
[Site "Rd7"]
[Date "1998.03.21"]
[Round "7.3"]
[White "Borg, Andy"]
[Black "Okike, David"]
[Result "1-0"]
[WhiteElo "2135"]
[BlackElo "2150"]
[PlyCount "96"]
[EventDate "1998.03.21"]

1. d4 Nf6 2. c4 g6 3. Nc3 Bg7 4. e4 d6 5. f4 O-O 6. Nf3 c5 7. dxc5 Qa5 8. Bd3
Qxc5 9. Qe2 Nc6 10. Be3 Qa5 11. O-O Ng4 12. Bd2 Nd4 13. Nxd4 Bxd4+ 14. Kh1 Qh5
15. h3 Qh4 16. Be1 Qh6 17. Nd5 Re8 18. f5 Ne3 19. Rf3 Nxd5 20. cxd5 a6 21. Bc3
Bxc3 22. bxc3 Bd7 23. Rb1 Rab8 24. e5 b5 25. e6 fxe6 26. dxe6 Bc6 27. Rg3 Kh8
28. fxg6 Rg8 29. Rf1 hxg6 30. Rf7 Rbe8 31. Kh2 Bd5 32. Rg4 Ref8 33. Rxf8 Qxf8
34. Bxg6 Qf6 35. Bf7 Rxg4 36. Qxg4 Kh7 37. Qh5+ Kg7 38. Qxd5 Qf4+ 39. Kg1 Qe3+
40. Kf1 Qc1+ 41. Ke2 Qc2+ 42. Qd2 Qe4+ 43. Kf2 Qf5+ 44. Kg1 Qc5+ 45. Qd4+ Qxd4+
46. cxd4 Kf6 47. Kf2 d5 48. Ke3 Kf5 1-0

[Event "NCL978b Gwent Dragons-Kings He"]
[Site "Rd7"]
[Date "1998.03.21"]
[Round "7.4"]
[White "McMichael, Rick"]
[Black "Saunders, Nigel"]
[Result "1-0"]
[WhiteElo "2200"]
[BlackElo "2135"]
[PlyCount "81"]
[EventDate "1998.03.21"]

1. b3 Nf6 2. Bb2 c5 3. e3 d5 4. f4 Nc6 5. Bb5 Bg4 6. Nf3 e6 7. O-O Be7 8. Qe1
Bxf3 9. Rxf3 Qb6 10. Be2 d4 11. Na3 Qc7 12. Nc4 O-O 13. Rh3 b5 14. Ne5 Nxe5 15.
fxe5 Qxe5 16. Bxb5 Rad8 17. Bd3 Qg5 18. Qe2 Rfe8 19. Rf1 g6 20. e4 Nh5 21. Qf3
Rf8 22. Bc1 Bd6 23. Bc4 Nf4 24. Rg3 Qh5 25. Rg4 e5 26. g3 Nh3+ 27. Kh1 Ng5 28.
Qd1 Be7 29. Be2 Qh3 30. d3 f6 31. Rf2 h5 32. Rh4 Qd7 33. g4 hxg4 34. Bxg4 f5
35. exf5 gxf5 36. Bh3 Qc6+ 37. Rg2 Rf7 38. Qh5 Rg7 39. Bxf5 Qf3 40. Qxf3 Nxf3
41. Be6+ 1-0

[Event "NCL978b Gwent Dragons-Kings He"]
[Site "Rd7"]
[Date "1998.03.21"]
[Round "7.5"]
[White "Gilbert, Jonathan"]
[Black "Pearce, Robin"]
[Result "1/2-1/2"]
[WhiteElo "2105"]
[BlackElo "2072"]
[PlyCount "67"]
[EventDate "1998.03.21"]

1. e4 c5 {(0.56)} 2. Nc3 e6 3. Nf3 a6 4. d4 cxd4 5. Nxd4 Qc7 6. Bd3 Nc6 7. Nxc6
bxc6 8. O-O d5 9. Re1 d4 10. Ne2 c5 11. c3 dxc3 12. Nxc3 Bb7 13. Qe2 Ne7 14.
Be3 Ng6 15. Rad1 Be7 16. Bc2 O-O 17. Qg4 Rfd8 18. f4 Rxd1 19. Rxd1 Rd8 20.
Rxd8+ Qxd8 21. Qd1 Qxd1+ 22. Bxd1 Nf8 23. Ba4 Bc8 24. Kf2 Nd7 25. Bc6 Nb8 26.
Ba8 Bd7 27. b3 Kf8 28. e5 Nc6 29. Na4 Nd4 30. Nb6 Bb5 31. Nc8 Nc2 32. Nxe7 Nxe3
33. Kxe3 {(Draw offer)} Kxe7 34. Be4 1/2-1/2

[Event "NCL978b Gwent Dragons-Kings He"]
[Site "Rd7"]
[Date "1998.03.21"]
[Round "7.6"]
[White "Mackenzie, Colin"]
[Black "Adams, Mark"]
[Result "1/2-1/2"]
[WhiteElo "2056"]
[BlackElo "2025"]
[PlyCount "54"]
[EventDate "1998.03.21"]

1. Nf3 d5 2. c4 c6 3. g3 Nf6 4. Bg2 Bf5 5. O-O e6 6. b3 Be7 7. d3 Nbd7 8. Bb2
O-O 9. Nc3 Re8 10. Qe1 Bg6 11. Rd1 Qc7 12. h3 Rad8 13. Rd2 Nf8 14. Qa1 d4 15.
Na4 c5 16. b4 b6 17. Bc1 e5 18. bxc5 bxc5 19. Nh4 Bd6 20. Nxg6 Nxg6 21. Qb1 {
(Draw offer)} Rb8 22. Rb2 Rxb2 23. Nxb2 h6 24. Qc2 Qe7 25. e4 Qc7 26. Bd2 Rb8
27. Na4 Nd7 1/2-1/2

[Event "NCL978b Gwent Dragons-Kings He"]
[Site "Rd7"]
[Date "1998.03.21"]
[Round "7.7"]
[White "Walden-Jones, Andrew"]
[Black "Compton, Alastair"]
[Result "1-0"]
[WhiteElo "1830"]
[BlackElo "1828"]
[PlyCount "77"]
[EventDate "1998.03.21"]

1. e4 e6 2. Qe2 c5 3. g3 Nc6 4. Nf3 g6 5. e5 Bg7 6. Nc3 Qc7 7. Nb5 Qb8 8. Nd6+
Kf8 9. d4 cxd4 10. Bf4 Nge7 11. Ng5 f6 12. exf6 Bxf6 13. Ngf7 Nd5 14. Bh6+ Kg8
15. O-O-O Nd8 16. Nxh8 Qxd6 17. Nxg6 hxg6 18. Qg4 Ne7 19. Bd3 Nf7 20. Bf4 e5
21. Bd2 Bg7 22. h4 Qd5 23. Kb1 d6 24. Qe2 Be6 25. b3 Qc5 26. h5 g5 27. f4 g4
28. Rdf1 Rc8 29. f5 Bxf5 30. Rxf5 Nxf5 31. Bxf5 Rc6 32. Qxg4 d3 33. Bxd3 e4 34.
Qxe4 Rc8 35. h6 Bh8 36. Rf1 Qh5 37. Qe6 Rf8 38. Bg6 Qh2 39. Bxf7+ 1-0

[Event "NCL978b Gwent Dragons-Kings He"]
[Site "Rd7"]
[Date "1998.03.21"]
[Round "7.8"]
[White "Chalk, Selena"]
[Black "Powell, Ann"]
[Result "1-0"]
[WhiteElo "1584"]
[BlackElo "1490"]
[PlyCount "141"]
[EventDate "1998.03.21"]

1. d4 d5 2. Bg5 Nd7 3. Nf3 Ngf6 4. Nbd2 e6 5. e3 c5 6. c3 Be7 7. Bd3 O-O 8. O-O
Qb6 9. Qc2 h6 10. Bh4 Nb8 11. Ne5 Nc6 12. Ndf3 Nd7 13. Bg3 Rd8 14. Bh7+ Kf8 15.
Ng4 Nf6 16. Nge5 Bd7 17. Bf4 Be8 18. g4 Nxe5 19. Nxe5 Nd7 20. Nf3 Rdc8 21. Kh1
Qd8 22. Rg1 g5 23. Bg3 Nf6 24. Ne5 Kg7 25. Bd3 c4 26. Be2 Ne4 27. Rg2 f6 28.
Nf3 Bg6 29. Qd1 Qb6 30. Qc1 Qc6 31. Ng1 b5 32. a3 a5 33. f3 Nd6 34. Bd1 Nf7 35.
h4 Nh8 36. h5 Be8 37. Bc2 b4 38. e4 Ra6 39. exd5 exd5 40. Qe3 Qe6 41. Qxe6 Rxe6
42. Bf5 Rec6 43. Bxc8 Rxc8 44. Re2 Bf8 45. Re6 bxc3 46. bxc3 a4 47. Bd6 Kf7 48.
Rae1 Rc6 49. Rxf6+ Kxf6 50. Bxf8 Kf7 51. Bb4 Re6 52. Rxe6 Kxe6 53. Ne2 Bc6 54.
Ng3 Kf7 55. Nf5 Bd7 56. Ne3 Be6 57. Kg2 Kg7 58. Kg3 Nf7 59. f4 gxf4+ 60. Kxf4
Ng5 61. Nf5+ Bxf5 62. Kxf5 Ne4 63. Ke5 Nf6 64. Bd6 Kf7 65. Kf5 Ne4 66. Bb4 Kg7
67. Ba5 Kf7 68. Ke5 Nf6 69. Bc7 Nxg4+ 70. Kxd5 Ne3+ 71. Kc5 1-0